| 000 | 00473nam a2200145Ia 4500 | ||
|---|---|---|---|
| 008 | 231217s9999 xx 000 0 und d | ||
| 041 | _aEnglish | ||
| 082 | _a001.64 IEE R | ||
| 100 | _aIEEE Computer Society | ||
| 245 | 0 | _aProceedings : fourth international conference on high-performance computing | |
| 260 |
_c1997 _bIEEE computer society |
||
| 300 | _axxiii+541 | ||
| 650 | _aProceedings,:,fourth,international,conference,high-performance,computing | ||
| 942 | _cAA | ||
| 999 |
_c176808 _d176808 |
||